[Event "LLB "]
[Site "?"]
[Date "2007.03.24"]
[Round "10"]
[White "Grundner, Alois"]
[Black "Krimbacher, Walter"]
[Result "1/2-1/2"]
[WhiteElo "1931"]
[BlackElo "1926"]
[Annotator ",Lois"]
[PlyCount "56"]
[TimeControl "300"]

{37MB, TreeB33.ctg, LOIS-LXIC8KMRWW} 1. d4 Nf6 {letzter Buchzug} 2. c4 {[%eval
0,10]} e6 {[%eval 0,10]} 3. Nc3 {[%eval 12,10]} d5 {[%eval -6,10]} 4. Nf3 {
[%eval 9,10]} Be7 {[%eval 13,10]} 5. Bg5 {[%eval 12,10]} O-O {[%eval 3,10]} 6.
e3 {[%eval 12,10]} h6 {[%eval 28,10]} 7. Bh4 {[%eval 6,10]} b6 {[%eval 47,10]}
({Fritz 8:} 7... Nbd7 8. Ne5 Nxe5 9. dxe5 Nd7 10. Bxe7 Qxe7 11. cxd5 exd5 12.
Nxd5 Qxe5 13. Qd4 {[%eval 6,10]}) 8. Be2 {[%eval 34,10]} Bb7 {[%eval 22,10]} 9.
Bxf6 {[%eval 56,10]} Bxf6 {[%eval 25,10]} 10. cxd5 {[%eval 56,10]} exd5 {
[%eval 25,10]} 11. O-O {[%eval 53,10]} c5 {[%eval 34,10]} 12. Rc1 {[%eval 31,
10]} a6 {[%eval 63,10]} 13. Bd3 {[%eval 25,10]} ({Fritz 8:} 13. dxc5 bxc5 14.
Qb3 Qd7 15. Rfd1 d4 16. Qb6 Rc8 17. exd4 Rc6 18. dxc5 Rxb6 {[%eval 63,10]})
13... Qd6 {[%eval 19,10]} 14. Bb1 {[%eval 25,10]} Rd8 {[%eval 16,10]} 15. Re1 {
[%eval 0,10]} Nd7 {[%eval 9,10]} 16. Ne2 {[%eval -3,10]} Nf8 {[%eval 6,10]} 17.
Nf4 {[%eval 12,10]} g6 {[%eval -6,10]} 18. Nd3 {[%eval -9,10]} Rac8 {[%eval
-22,10]} 19. Nde5 {[%eval -31,10]} Nd7 {[%eval -34,10]} 20. Nxd7 {[%eval -13,
10]} Rxd7 {[%eval -28,10]} 21. Qd2 {[%eval -19,10]} Rdc7 {[%eval -34,10]} 22.
h4 {[%eval -16,10]} h5 {[%eval -37,10]} 23. Bd3 {[%eval -16,10]} Qe7 {[%eval
-44,10]} 24. g3 {[%eval -22,10]} c4 {[%eval -44,10]} 25. Bf1 {[%eval -13,10]}
b5 {[%eval -19,10]} 26. a3 {[%eval -19,10]} Ra8 {[%eval -22,10]} 27. Qa5 {
[%eval -6,10]} Qd6 {[%eval -37,10]} 28. Rc2 {[%eval -53,10]} Rd7 {[%eval -37,
10]} 1/2-1/2

[Event "LLB"]
[Site "?"]
[Date "2007.03.31"]
[Round "?"]
[White "Rohrmüller, Helmut"]
[Black "Grundner, Alois"]
[Result "1/2-1/2"]
[WhiteElo "1939"]
[BlackElo "1931"]
[Annotator ",Lois"]
[PlyCount "39"]
[TimeControl "300"]

{37MB, TreeB33.ctg, LOIS-LXIC8KMRWW} 1. d4 Nf6 {letzter Buchzug} 2. Bg5 {
[%eval 6,10]} d5 {[%eval -9,10]} 3. Nd2 {[%eval 0,10]} e6 {[%eval 9,10]} 4. e3
{[%eval 9,10]} Be7 {[%eval 25,10]} 5. f4 {[%eval -19,10]} ({Fritz 8:} 5. Ngf3
Nbd7 6. Bb5 c6 7. Bd3 {[%eval 25,10]}) 5... Nbd7 {[%eval -41,10]} 6. Ngf3 {
[%eval -16,10]} h6 {[%eval -22,10]} 7. Bxf6 {[%eval 9,10]} Nxf6 {[%eval 0,10]}
8. Ne5 {[%eval -9,10]} c5 {[%eval -22,10]} 9. c3 {[%eval -13,10]} Qb6 {[%eval
-6,10]} 10. Qa4+ {[%eval 12,10]} Bd7 {[%eval -19,10]} 11. Nxd7 {[%eval 12,10]}
Nxd7 {[%eval 0,10]} 12. Bb5 {[%eval 12,10]} O-O-O {[%eval 22,10]} 13. Bxd7+ {
[%eval -6,10]} Rxd7 {[%eval -37,10]} 14. O-O {[%eval -16,10]} Rc7 {[%eval -19,
10]} 15. Rab1 {[%eval -28,10]} cxd4 {[%eval -22,10]} 16. cxd4 {[%eval -31,10]}
Qb4 {[%eval 0,10]} 17. Qd1 {[%eval -25,10]} Kb8 {[%eval -50,10]} 18. Nf3 {
[%eval -28,10]} Rhc8 {[%eval -53,10]} 19. Re1 {[%eval -56,10]} Rc2 {[%eval -66,
10]} 20. Re2 {[%eval -41,10]} 1/2-1/2

[Event "LLB 2007/08"]
[Site "?"]
[Date "2007.09.22"]
[Round "?"]
[White "Kaisersberger, Christian"]
[Black "Grundner, Alois"]
[Result "1/2-1/2"]
[WhiteElo "1985"]
[BlackElo "1941"]
[Annotator ",Lois"]
[PlyCount "45"]
[TimeControl "300"]

{37MB, TreeB33.ctg, LOIS-LXIC8KMRWW} 1. e4 d5 2. exd5 Nf6 3. c4 e6 4. d4 exd5
5. c5 Be7 6. Nf3 O-O 7. Be2 Nc6 8. O-O Bg4 9. Be3 Ne4 10. Nfd2 Bxe2 11. Qxe2 f5
12. f3 Ng5 13. a3 Ne6 14. Nb3 Bf6 15. Rd1 Re8 16. Qd2 Qe7 17. Bf2 Bg5 18. Qc2
g6 19. Nc3 Rad8 20. Re1 Qg7 21. Rad1 Bf6 22. Qd2 Qf7 23. Re2 1/2-1/2

[Event "LLB 2007/08"]
[Site "?"]
[Date "2007.10.06"]
[Round "?"]
[White "Grundner, Alois"]
[Black "Buchebner, Markus"]
[Result "0-1"]
[WhiteElo "1941"]
[BlackElo "2027"]
[Annotator "Fritz 8 (20s)"]
[PlyCount "88"]
[TimeControl "300"]

{37MB, TreeB33.ctg, LOIS-LXIC8KMRWW E92: Königsindisch (Klassisches System)} 1.
d4 Nf6 2. c4 g6 3. Nc3 Bg7 4. e4 d6 5. Be2 O-O 6. Nf3 e5 7. dxe5 dxe5 8. Qc2 (
8. Qxd8 Rxd8 9. Bg5 c6 $14) 8... Nbd7 9. Bg5 c6 {Es geht um b5+d5} 10. Rd1 Qc7
11. O-O Re8 (11... Nc5 12. h3 $11) 12. h3 {Kontrolliert g4} Nf8 13. Rd2 Ne6 14.
Be3 Nf4 15. Bxf4 exf4 16. Rfd1 Be6 17. Nd4 h5 (17... Bc8 18. b4 $11) 18. Nxe6
Rxe6 19. Qd3 Rae8 20. f3 {Punkt g4} Bf8 {[%cal Yc5e3,Yf8c5,Yg7f8] Der Läufer
plant Lg7-f8-c5-e3} 21. Kh1 Bc5 22. Qc2 Be3 {Von e3 entfaltet der Läufer
einige Wirkung} 23. Rd3 Kg7 24. Bf1 h4 25. b4 R6e7 26. Ne2 Qe5 27. Qc3 (27. c5
Nh5 $11) 27... Qg5 (27... Qxc3 28. Nxc3 Nh5 29. Ne2 $15) 28. Rd6 Re5 (28... c5
29. b5 $11) 29. R1d3 (29. c5 R8e7 $14) 29... Nh5 30. Rxe3 (30. Rd7 $142 $11 {
sieht noch spielbar aus}) 30... fxe3 $17 31. b5 (31. Kg1 Kh7 $17) 31... cxb5 (
31... Ng3+ $5 32. Nxg3 Qxg3 33. Qb2 $19) 32. cxb5 Kg8 33. a4 (33. Qb3 R8e6 34.
Rxe6 Rxe6 $19 (34... fxe6 $6 35. a4 $15)) 33... Rc5 34. Qb3 Rec8 (34... Ng3+ $5
35. Nxg3 Rc1 $19) 35. Rd7 $17 Qf6 36. Qxe3 $2 (36. Rd1 Ng3+ 37. Nxg3 Rc3 $19)
36... Ng3+ (36... Qa1 $142 {sichert den Gewinn} 37. Kg1 Rc1 (37... Qxa4 $6 {
scheint erheblich schwächer} 38. Rxb7 a6 39. bxa6 Qxa6 40. Rd7 $17) 38. Nxc1
Rxc1 39. Qxc1 Qxc1 $19) 37. Kg1 R8c7 38. Rxc7 Rxc7 39. Qxa7 $2 (39. Nxg3 hxg3
40. e5 $19) 39... Kh7 $19 40. Qe3 Qa1 (40... Nxf1 $6 41. Kxf1 Qa1+ 42. Kf2 $17)
41. Nxg3 hxg3 42. Qe2 $4 {ein Fehler in schlechter Stellung} (42. f4 Rc1 43.
Qd3 $19) 42... Rc1 43. f4 Qd4+ 44. Kh1 Qf2 (44... Qf2 45. Qxf2 gxf2 $19) (44...
Qxe4 45. Qf3 Qe1 46. Kg1 Rc2 47. f5 Rf2 48. fxg6+ fxg6 49. Qxf2 Qxf2+ 50. Kh1
Qxf1#) 0-1

[Event "LLB 2007/08"]
[Site "?"]
[Date "2007.10.20"]
[Round "3"]
[White "Hasanovic, Nurija"]
[Black "Grundner, Alois"]
[Result "0-1"]
[WhiteElo "1941"]
[BlackElo "1941"]
[Annotator ",Lois"]
[PlyCount "110"]
[TimeControl "300"]

{37MB, TreeB33.ctg, LOIS-LXIC8KMRWW} 1. e4 {letzter Buchzug} d5 {[%eval 0,10]}
2. exd5 {[%eval 31,10]} Nf6 {[%eval 22,10]} 3. c4 {[%eval -9,10]} e6 {[%eval
16,10]} 4. dxe6 {[%eval 47,10]} Bxe6 {[%eval 16,10]} 5. d4 {[%eval 25,10]} Bb4+
{[%eval 13,10]} 6. Bd2 {[%eval 31,10]} Qe7 {[%eval 28,10]} 7. Bxb4 {[%eval 31,
10]} Qxb4+ {[%eval 0,10]} 8. Qd2 {[%eval 9,10]} Qe7 {[%eval 31,10]} 9. Qe3 {
[%eval 28,10]} Ng4 {[%eval 56,10]} 10. Qa3 {[%eval 19,10]} ({Fritz 8:} 10. Qe2
Qb4+ 11. Nc3 O-O 12. a3 Qd6 13. d5 Bf5 14. Nb5 {[%eval 56,10]}) 10... Qf6 {
[%eval 94,10]} ({Fritz 8:} 10... Nc6 11. Qxe7+ Kxe7 12. Nf3 Nb4 13. Na3 c6 {
[%eval 19,10]}) 11. Nf3 {[%eval 66,10]} Nd7 {[%eval 122,10]} ({Fritz 8:} 11...
Nc6 12. Qc3 (12. d5 {[%emt 0:00:00]} Nd4 {[%eval 44,9] [%emt 0:00:10]} 13. Nxd4
{[%emt 0:00:10]} Qxf2+ {[%eval -422,8] [%emt 0:00:02]} 14. Kd1 {[%emt 0:00:02]}
Ne3+ {[%eval -422,8] [%emt 0:00:00]} 15. Kc1 {[%emt 0:00:03]} Qe1# {[%eval
-32765,2] [%emt 0:00:00]}) 12... Bf5 13. d5 Nce5 14. Nxe5 Qxe5+ 15. Qxe5+ {
[%eval 66,10]}) 12. Bd3 {[%eval 100,10]} a6 {[%eval 144,10]} ({Fritz 8:} 12...
c5 13. Nc3 (13. dxc5 {[%emt 0:00:00]} Nge5 {[%eval 50,9] [%emt 0:00:12]} 14.
Be2 {[%emt 0:00:14]} Bxc4 {[%eval 9,9] [%emt 0:00:09]}) 13... O-O 14. h3 Nh6
15. Ne4 Qe7 16. Nfd2 Rfd8 17. dxc5 {[%eval 100,10]}) 13. Nbd2 {[%eval 137,10]}
Bf5 {[%eval 153,10]} 14. O-O {[%eval 184,10]} O-O-O {[%eval 153,10]} 15. Rfe1 {
[%eval 150,10]} Rhe8 {[%eval 156,10]} 16. Bxf5 {[%eval 187,10]} Qxf5 {[%eval
156,10]} 17. h3 {[%eval 169,10]} Ngf6 {[%eval 156,10]} 18. Re7 {[%eval 119,10]}
Ng8 {[%eval 134,10]} 19. Rxe8 {[%eval 166,10]} Rxe8 {[%eval 134,10]} 20. Re1 {
[%eval 134,10]} Rxe1+ {[%eval 103,10]} 21. Nxe1 {[%eval 134,10]} Qe6 {[%eval
119,10]} 22. Nef3 {[%eval 134,10]} h6 {[%eval 138,10]} 23. d5 {[%eval 144,10]}
Qe2 {[%eval 153,10]} 24. d6 {[%eval 116,10]} Qe6 {[%eval 128,10]} 25. dxc7 {
[%eval 159,10]} Kxc7 {[%eval 163,10]} 26. Qa5+ {[%eval 162,10]} Kc8 {[%eval
144,10]} 27. Qc3 {[%eval 162,10]} Ngf6 {[%eval 138,10]} 28. b4 {[%eval 150,10]}
Kb8 {[%eval 175,10]} 29. Qd4 {[%eval 162,10]} g5 {[%eval 138,10]} 30. a4 {
[%eval 169,10]} Nh5 {[%eval 166,10]} 31. Nxg5 {[%eval 109,10]} ({Fritz 8:} 31.
a5 f6 32. Ne4 Nf4 33. Kh2 Ne2 {[%eval 166,10]}) 31... hxg5 {[%eval 78,10]} 32.
Qh8+ {[%eval 109,10]} Ka7 {[%eval 103,10]} 33. Qxh5 {[%eval 134,10]} Qe1+ {
[%eval 103,10]} 34. Nf1 {[%eval 156,10]} Qxb4 {[%eval 125,10]} 35. Qxg5 {
[%eval 131,10]} Qxa4 {[%eval 144,10]} 36. Qe7 {[%eval 172,10]} f6 {[%eval 191,
10]} 37. g3 {[%eval 147,10]} Qc6 {[%eval 153,10]} 38. Nd2 {[%eval 137,10]} Ne5
{[%eval 153,10]} 39. Qb4 {[%eval 44,10]} ({Fritz 8:} 39. h4 a5 40. h5 Nxc4 41.
Nxc4 Qxc4 {[%eval 153,10]}) 39... Qc8 {[%eval 122,10]} ({Fritz 8:} 39... Qd7
40. Nf1 Qxh3 41. Qc5+ Ka8 42. Qf8+ {[%eval 44,10]}) 40. c5 {[%eval 87,10]} Qe6
{[%eval 141,10]} ({Fritz 8:} 40... Qc6 41. Nc4 Nxc4 42. Qxc4 b5 43. cxb6+ Kxb6
44. Qb4+ Kc7 45. h4 Qc1+ {[%eval 87,10]}) 41. Ne4 {[%eval 66,10]} ({Fritz 8:} 
41. g4 {[%eval 141,10]}) 41... Qxh3 {[%eval 172,10]} ({Fritz 8:} 41... Qd5 {
[%eval 66,10]}) 42. Qb6+ {[%eval 203,10]} Ka8 {[%eval 194,10]} 43. Qxf6 {
[%eval 225,10]} Ng4 {[%eval 263,10]} 44. Qf3 {[%eval 225,10]} Qh2+ {[%eval 194,
10]} 45. Kf1 {[%eval 225,10]} Qh5 {[%eval 250,10]} 46. Ke2 {[%eval 216,10]} Qg6
{[%eval 188,10]} 47. Qf8+ {[%eval 216,10]} Ka7 {[%eval 184,10]} 48. f3 {[%eval
209,10]} Ne5 {[%eval 191,10]} 49. Qf4 {[%eval 191,10]} Qe6 {[%eval 150,10]} 50.
Kf1 {[%eval 112,10]} Qc4+ {[%eval 113,10]} 51. Kg2 {[%eval 0,10]} ({Fritz 8:} 
51. Kg1 Qd4+ 52. Kg2 b6 53. Qf8 bxc5 54. Qxc5+ Qxc5 {[%eval 113,10]}) 51...
Qe2+ {[%eval 0,10]} 52. Nf2 {[%eval 0,10]} Nd3 {[%eval 0,10]} 53. Qd4 {[%eval
0,10]} Ne1+ {[%eval 0,10]} 54. Kh3 {[%eval 0,10]} Nxf3 {[%eval 0,10]} 55. Qd6 {
[%eval 0,10]} Qxf2 {[%eval 0,10]} 0-1

[Event "LLB 2007/08"]
[Site "?"]
[Date "2007.11.03"]
[Round "?"]
[White "Grundner, Alois"]
[Black "Appl, Gerhard"]
[Result "1-0"]
[WhiteElo "1941"]
[BlackElo "2006"]
[Annotator ",Lois"]
[PlyCount "81"]
[TimeControl "300"]

{37MB, LOIS-LXIC8KMRWW} 1. d4 d5 2. c4 Nc6 3. Nf3 Bg4 4. e3 e6 5. Be2 Bb4+ 6.
Nc3 Nf6 7. O-O O-O 8. Qc2 dxc4 9. Ne5 Nxe5 10. dxe5 Bxe2 11. Nxe2 Qd3 12. Qxd3
cxd3 13. Nf4 Nd7 14. Nxd3 Ba5 15. b4 Bb6 16. Bb2 c5 17. bxc5 Nxc5 18. Nxc5 Bxc5
19. Rac1 Bb6 20. Ba3 Rfd8 21. Bd6 Rac8 22. g3 {Weiß bietet Remis} f5 23. Rfd1
Kf7 24. Kf1 Ke8 25. Ke2 Rxc1 26. Rxc1 Kd7 27. f3 Rc8 28. Rxc8 Kxc8 29. Kd3 Kd7
30. h3 Bd8 31. g4 fxg4 32. fxg4 b5 33. Bf8 g6 34. Bh6 a5 35. Bf8 Be7 36. Bxe7
Kxe7 37. Kd4 Kd7 38. Kc5 g5 39. Kxb5 Kc7 40. Kxa5 Kc6 41. Kb4 1-0

[Event "LLB 2007/08"]
[Site "?"]
[Date "2007.12.01"]
[Round "?"]
[White "Azad, Razik"]
[Black "Grundner, Alois"]
[Result "1-0"]
[WhiteElo "2006"]
[BlackElo "1941"]
[Annotator "Fritz 8 (20s)"]
[PlyCount "65"]
[TimeControl "300"]

{37MB, LOIS-LXIC8KMRWW B01: Skandinavische Verteidigung} 1. e4 d5 2. exd5 Nf6
3. Bb5+ Bd7 4. Be2 (4. Bc4 b5 5. Bb3 Bg4 $14) 4... Nxd5 $11 5. Nf3 e6 6. d4 Be7
7. c4 Nf6 8. O-O O-O 9. Nc3 Bc6 10. Ne5 Qe8 11. Bf4 Bd6 12. c5 (12. Nxc6 $6
Bxf4 (12... Qxc6 $2 13. c5 $18) 13. Na5 Qc8 $11) 12... Bxe5 13. Bxe5 Qe7 14. b4
Nd5 15. Nxd5 Bxd5 16. Bf3 Rd8 17. b5 Rd7 (17... c6 18. Bxd5 (18. Bd6 {[%emt 0:
00:00]} Qg5 {[%eval 31,11] [%emt 0:00:13]}) 18... Rxd5 19. Qg4 $14) 18. Rc1 (
18. a4 f6 19. Bg3 a6 $16) 18... Qd8 (18... c6 19. a4 $16) 19. Bxd5 Rxd5 20. Qg4
f6 $2 (20... g6 $142 $16) 21. Qxe6+ $18 Kh8 22. Bxc7 Qg8 23. Qxg8+ Kxg8 24.
Bxb8 (24. Bg3 $5 {gibt noch größeren Vorteil} Nd7 25. c6 bxc6 26. bxc6 Nb6 $18)
24... Rxb8 25. Rfd1 Kf7 26. Kf1 Re8 27. a4 Re4 28. c6 bxc6 (28... Re8 29. cxb7
Rd7 30. d5 Rxb7 31. d6 $18) 29. bxc6 Re8 30. Rc4 (30. Rb1 $5 {ginge schneller}
Rc8 31. Rb7+ Ke6 32. Rxg7 Rxc6 33. Rxa7 Rc4 $18) 30... Rc8 31. Rb1 Rd6 32. Rb7+
{[%cal Yc6c7] Jetzt hängt c7 in der Luft} Kg6 (32... Ke6 33. Rxg7 Kd5 $18) 33.
c7 1-0

[Event "LLB"]
[Site "?"]
[Date "2008.01.12"]
[Round "?"]
[White "Hicker, Harald"]
[Black "Grundner, Alois"]
[Result "1-0"]
[WhiteElo "2026"]
[BlackElo "1938"]
[Annotator "Fritz 10 (30s)"]
[PlyCount "87"]

{D36: Damengambit (Abtauschvariante)} 1. d4 Nf6 2. Nf3 e6 3. c4 d5 4. Nc3 c6 5.
Bg5 Be7 6. e3 O-O 7. Qc2 Nbd7 8. cxd5 exd5 9. Bd3 Re8 10. O-O h6 11. Bf4 Nf8
12. h3 Bd6 13. Bxd6 Qxd6 14. Rab1 Be6 15. b4 Rac8 16. a4 Re7 17. Rfc1 Rec7 18.
Qb2 Ng6 19. b5 c5 (19... cxb5 20. Nxb5 Rxc1+ 21. Rxc1 Rxc1+ 22. Qxc1 $16) 20.
dxc5 (20. b6 $142 $5 Qxb6 21. Qd2 $16) 20... Rxc5 $14 21. Ne2 Ne4 22. Rxc5 Rxc5
23. Nfd4 (23. a5 Ne7 $16) 23... Ne5 $14 24. Nxe6 Qxe6 ({Schlechter scheint} 
24... fxe6 25. Bxe4 dxe4 26. Qb4 $16) 25. Qd4 (25. Bxe4 $5 dxe4 26. Qd4 $11)
25... Nxd3 $11 26. Qxd3 b6 27. f3 Nf6 28. Nd4 {[%cal Yb8a6,Yc6b8,Yd4c6,Ye2d4]
Mit der Idee Se2-d4-c6-b8-a6} Qd7 29. Nc6 a6 30. Nb8 {Weiß droht
Materialgewinn: Sb8xd7} Qc8 {Schwarz droht Materialgewinn: Dc8xb8} 31. Nxa6 {
Der weiße Springer auf dem Vorposten a6} Rc3 32. Qd4 Rc4 33. Qxb6 Rxa4 (33...
Qf5 $5 34. Ra1 Qg5 $16) 34. Qb8 $18 Qxb8 (34... Qf8 $142 $18) 35. Nxb8 Ne8 (
35... Ra3 36. b6 Rxe3 37. b7 $18) 36. b6 Nd6 37. Nd7 (37. Nc6 $142 $5 {
erleichterte Weiß die Gewinnführung} Nb7 38. Ne7+ Kf8 39. Nxd5 Ra5 $18) 37...
Nb7 38. Rc1 Rc4 39. Ra1 (39. Rd1 {lässt dem Gegner kaum Chancen} Rc6 40. Rxd5
f6 $18) 39... Rb4 40. Ra7 Nd6 41. Ra8+ (41. g4 Rb2 $18) 41... Kh7 42. Rb8 (42.
Kh2 $142 $18) 42... g6 $2 (42... Nc4 $142 $18) 43. Nf6+ Kg7 44. Nxd5 (44. Nxd5
Rb5 45. e4 $18) 1-0

[Event "LLB"]
[Site "?"]
[Date "2008.01.26"]
[Round "?"]
[White "Krimbacher, Walter"]
[Black "Grundner, Alois"]
[Result "1-0"]
[WhiteElo "1938"]
[BlackElo "1938"]
[Annotator "Fritz 8 (20s)"]
[PlyCount "55"]
[TimeControl "300"]

{37MB, LOIS-LXIC8KMRWW D36: Damengambit (Abtauschvariante)} 1. d4 e6 (1... d5
2. Nf3 $11) 2. Nf3 Nf6 3. c4 d5 4. Bg5 c6 5. Nc3 (5. e3 Bd6 $14) 5... Nbd7 6.
cxd5 exd5 7. Qc2 Be7 8. e3 O-O 9. Bd3 Re8 10. O-O h6 11. Bxf6 (11. Bh4 Ne4 12.
Bxe7 Qxe7 $11) 11... Bxf6 (11... Nxf6 12. a3 $11) 12. b4 $14 Nf8 13. Rab1 a6 {
Überdeckt b5} 14. a4 b6 (14... Bg4 $5 $11 15. Nd2 Be7 16. b5 axb5 17. axb5 Bd6
18. bxc6 bxc6 19. h3 Bh5 20. Na4 Qf6 21. Rb6 Rec8 22. Rc1 Ba3 23. Rcb1 Bg6 24.
Bxg6 Qxg6 25. Qxg6 Nxg6 26. Nc3 Ne7 27. Nf3 Bd6 28. Kf1 Rcb8 29. Rxb8+ Bxb8 30.
Rb7 Bd6 31. Ke2 Ra3 32. Kd2 f6 33. e4 Kh7 34. Kc2 Ra1 35. Nd2 Kg6 36. f3 Rg1
37. g4 Rh1 38. f4 Bxf4) (14... b5) (14... Ne6) (14... Be6) ({Fritz 10:} 14...
Bg4 15. b5 axb5 16. axb5 Bxf3 17. gxf3 Ne6 18. bxc6 bxc6 19. Ne2 Qd7 20. Kg2
Rec8 21. Bf5 g6 {[%eval 20,1]} 22. Bxe6 Qxe6 23. Nf4 Qd6 24. Nd3 Bg7 25. Rfc1
Qe7 26. Kh1 Qf6 27. f4 Qe6 28. Qd1 Ra3 29. Nc5 Qh3 30. Qf1 Qf5 31. Rb7 Ra2 32.
Rb6 g5 33. Qg2 Kh7 34. Rg1 Bf8 35. h4 Bxc5 36. dxc5 g4 37. Qxg4 Qxg4 38. Rxg4
Rxf2 39. Rb7 Rf8 40. Rc7 Re2 41. Rg3 Rc2 42. Rxc6 Ra8 43. Rg2 Raa2 44. Rxc2
Rxc2 45. h5 Rc3 46. Kg2 Rxe3 47. Rd6 Rd3 48. Kf2 d4 49. c6 Kg7 50. f5 Rc3 51.
f6+ Kh7 52. Kg2 Rc5 53. Kf3 Rxh5 54. Ke4 Rc5 55. Kxd4 Rc2 56. Rd7 Rxc6 57.
Rxf7+ Kg6 58. Rf8 Rxf6 59. Rxf6+ Kxf6) 15. Rfc1 Bb7 (15... Bg4 16. Ne2 $16) 16.
a5 $16 Ra7 17. axb6 Qxb6 18. Na4 Qd8 19. Nc5 Bc8 20. Nb3 Qb6 (20... Re6 21. Na5
Rc7 22. Rb3 $18) 21. Qxc6 Qxc6 22. Rxc6 Ne6 23. Nc5 Nxc5 24. bxc5 (24. dxc5 Kf8
$18) 24... Ra8 (24... Kf8 25. Rcb6 $18) 25. Rcb6 a5 26. Bb5 Rf8 (26... Rd8 $18)
27. Bc6 Ra7 28. Bxd5 1-0

[Event "LLB"]
[Site "?"]
[Date "2008.02.09"]
[Round "?"]
[White "Grundner, Alois"]
[Black "Stiborek, Alexander"]
[Result "0-1"]
[WhiteElo "1941"]
[BlackElo "1870"]
[Annotator "Fritz 10 (15s)"]
[PlyCount "78"]

{D40: Damengambit (Verbesserte Tarrasch-Verteidigung)} 1. d4 d5 2. Nf3 Nf6 3.
c4 e6 4. Nc3 c5 5. e3 Nc6 6. Bd3 Be7 7. O-O O-O 8. b3 dxc4 9. Bxc4 a6 (9... b6
10. Bb2 (10. dxc5 Bxc5 11. Bb2 Bb7 12. Qxd8 Rfxd8 13. Rfd1 Be7 14. h3 a6 15.
Be2 Rxd1+ 16. Rxd1 b5 17. Nd4 Nxd4 18. Rxd4 b4 19. Nb1 Rc8 20. Rc4 Rxc4 21.
Bxc4 Nd5 22. Kf1 Bc5 23. g3 Nb6 24. Bd3 a5 {Brechin,H-Stokes,I (2017)/Swansea
2006/CBM 113 ext/1-0 (40)}) 10... cxd4 11. exd4 Bb7 12. Rc1 Rc8 13. Qe2 Nxd4
14. Nxd4 Qxd4 15. Nd5 Qc5 16. Nxf6+ Bxf6 17. Bxf6 gxf6 18. Bxe6 Qxc1 {0-1
Ruckschloss,K (2311)-Kracik,D (2025)/Tatranske Zruby 2006/CBM 114 ext}) 10. Ne5
$146 (10. Bb2 b5 11. Bd3 cxd4 12. exd4 Qb6 (12... Nb4 13. Be2 Nbd5 14. a4 b4
15. Nxd5 Nxd5 16. Ne5 Bb7 17. Bf3 f6 18. Nd3 Rc8 19. Qe2 Qd7 20. Rfe1 Kf7 21.
Be4 g6 22. Qf3 Bd6 23. Qh3 Kg8 24. Bc1 f5 25. Bf3 Rc3 26. Ne5 Bxe5 27. Rxe5 {
Pakdaman,C-Gabriel,M/Munich 1958/MCD/1-0 (35)}) 13. Qe2 Bb7 14. Rad1 Rad8 15.
Bb1 Rfe8 16. Ne4 Nb4 17. Nxf6+ Bxf6 18. Ne5 g6 19. Qg4 Nc6 20. Qf4 Bxe5 21.
dxe5 Ne7 22. Rd6 Rxd6 23. exd6 Qc6 24. f3 Nd5 {Konci,E-Reilly,B/Varna 1962/MCD/
0-1 (35)}) (10. dxc5 Bxc5 11. a3 b5 $11) 10... Nb4 (10... Qc7 11. Nxc6 Qxc6 12.
Ba3 $15) 11. a3 $11 cxd4 12. exd4 Nbd5 13. Nxd5 Nxd5 {Eine wichtige Figur} 14.
Bb2 (14. a4 Bd7 $14) 14... Qc7 (14... f6 15. Ng4 $11) 15. Rc1 Qd6 16. Bd3 Bd7
17. f4 Ne3 18. Qh5 g6 $2 (18... f5 $142 19. Rf2 Nd5 $16) 19. Nxg6 $1 $18 {
Mattdrohung} fxg6 (19... fxg6 20. Bxg6) (19... hxg6 20. Bxg6) (19... -- 20.
Nxe7+ {Mattdrohung}) 20. Bxg6 $1 {Mattdrohung} hxg6 (20... hxg6 21. Qxg6+ {
Kombination}) (20... -- 21. Qxh7# {Mattdrohung}) 21. Qxg6+ Kh8 22. Rf3 e5 23.
Qh5+ Kg8 (23... Kg7 24. dxe5 Qh6 25. e6+ Bf6 26. Bxf6+ Rxf6 27. Qxh6+ Kxh6 28.
exd7 Rd8 29. Rxe3 Rxd7 $18) 24. Rxe3 (24. fxe5 $142 {und Weiß ist direkt am
Ziel} Bg4 25. exd6 (25. Rxe3 {kommt nicht in Frage} Bxh5 26. exd6 Bxd6 $17)
25... Bxh5 26. Rg3+ (26. dxe7 $6 {ist deutlich schlechter} Rxf3 27. gxf3 Nd5
$15) 26... Ng4 27. dxe7 $18) 24... exf4 $11 25. Re5 (25. d5 $142 {ist noch
spielbar} fxe3 26. Qh8+ Kf7 27. Qh5+ Kg8 28. Qh8+ Kf7 29. Qh5+ Kg8 $11) 25...
Rf7 $17 26. d5 Rh7 (26... Rg7 $142 27. Rxe7 Qxe7 $19) 27. Qf3 $2 (27. Rg5+ $142
$5 Bxg5 28. Qxg5+ Kf7 29. Rc4 $15) 27... Bf6 28. Qxf4 Bxe5 29. Bxe5 Qg6 30. Rc3
Qb1+ (30... Rh3 31. Rxh3 Bxh3 32. Qg3 Qxg3 33. Bxg3 $19) 31. Rc1 Qf5 32. Qg3+
Qg4 33. Qe3 $2 (33. Rc3 Re8 34. h3 Qxg3 35. Rxg3+ Kf7 36. Rf3+ Kg6 $19) 33...
Rf8 (33... Re8 $5 {ginge schneller} 34. h3 Qg6 35. Qg3 Qxg3 36. Bxg3 $19) 34.
h3 Qg6 35. Kh2 (35. Qg3 Qxg3 36. Bxg3 Re8 $19) 35... Re8 36. Qd4 (36. Qg3 Qxg3+
37. Bxg3 Re3 $19) 36... Rhe7 (36... Qh5 $142 {wäre im Gewinnsinne präziser} 37.
Rc3 Rxe5 $19) 37. Bh8 (37. Bg3 {ändert nichts am Ausgang der Partie} Bxh3 $1 {
Doppelangriff: c1/h3} 38. d6 Rg7 $19) 37... Re4 (37... Bxh3 38. Qf2 Re2 39. Rf1
Bxg2 40. Qf7+ Qxf7 41. Rxf7 Kxf7 42. Bd4 Rg8 43. Kg1 Bh3+ 44. Kh1 Bf5 45. Bg7
Rxg7 46. d6 Be4#) 38. Qc3 (38. Qf6 {hilft auch nicht mehr} Qh7 39. Rc7 R4e7 $19
(39... Qxh8 $6 40. Qxh8+ Kxh8 41. Rxd7 $19)) 38... Re3 39. Qf6 (39. Qg7+ {ist
noch eine dünne Chance} Qxg7 40. Bxg7 Kxg7 41. Rc7 $19) 39... Qg3+ (39... Qg3+
40. Kh1 Re1+ 41. Qf1 Bxh3 42. gxh3 Qf3+ 43. Kh2 R8e2+ 44. Qxe2 Rxe2+ 45. Kg1
Qg2#) 0-1